| 000 | 00716nam a22002057a 4500 | ||
|---|---|---|---|
| 005 | 20240530110437.0 | ||
| 008 | 150214s2009 ua g 000 0 ara d | ||
| 017 |
_a2007/15334 _bمصر . دار الكتب المصرية |
||
| 020 | _a9771439243 | ||
| 040 | _aEG-CaGPL | ||
| 041 | 0 | _aara | |
| 082 | 0 | 4 |
_221 _a219.3\ _bم ف |
| 100 | 0 | _aمحمد عمارة | |
| 245 | 1 | 2 |
_aالفريضة الغائبة : _bجذور و حوارات : دراسات : ونصوص / _cمحمد عمارة |
| 250 | _aط2 | ||
| 260 |
_aالقاهرة : _bنهضة مصر للطباعة و النشر و التوزيع ، _c2009 |
||
| 300 |
_a170 ص ؛ _c24 سم |
||
| 942 |
_2ddc _cBK |
||
| 999 |
_c60972 _d60972 |
||